000 00890nam a2200253Ia 4500
003 OSt
005 20220923223402.0
006 a|||||r|||| 00| 0
007 ta
008 220922b |||||||| |||| 00| 0 hin d
024 _a214,582
037 _cTextual
040 _aARTS
_cARTS
_bhin
041 _2hin
_ahin
082 _aO152,3N06:g, M2
100 _aत्रिभुवन सिंह
245 0 _aउपन्यासकार आचार्य हजारीप्रसाद द्व्विेदी
246 _aUpanyāsakār āchārya hajārīprasād dvviedī
260 _aवाराणसी
_b संजय प्रका0
_c1982
300 _a200 पृ.
_ccm.
650 _aहिन्दी साहित्य
_9156264
942 _hO152,3N06:g, M2
_cTEXL
_2CC
999 _c364513
_d364513